Základy biologie parazitů

Main Author: Lýsek, Hynek, 1929-2003
Language: Czech
Published: Praha, 1969
Book
Saved in:
LEADER 00600nam a22001812a 4500
001 000295717
003 CZ BrMZK
005 19980105143423.0
007 ta
008 980105s1969 xr f cze d
040 |a BOA001  |b cze 
100 1 |a Lýsek, Hynek,  |d 1929-2003  |7 jk01072719 
245 1 0 |a Základy biologie parazitů 
260 |a Praha,  |c 1969 
910 |a BOA001  |b 4-0566.589-69 
990 |a BK 
996 7 |b 2619838509  |c 4-0566.589-69  |l MZK  |r Sklad / do 1 hodiny  |n 2  |w 000295717  |u 000010  |a 1  |e BOA001  |j MZK50  |s A 
996 7 |b 2619838511  |c 4-0566.589-69  |l MZK  |r Sklad / do 1 hodiny  |n 0  |w 000295717  |u 000020  |a 1  |e BOA001  |j MZK50  |s A